00790nam a22001937a 450000500170000001000150001702000230003203500140005503700130006908200120008210000280009424501650012226000410028727000890032830000200041794200260043799900190046395201140048220170419123122.0 aENG-117772 a9352584775c550.00 aEN-101304 bDABD/PUB a305.562 aKhwaja Abdul Muntaqim.  aDr. Ambedkar an honest person and a dynamic legislative draftsman : b(with laws relating to scheduled castes and scheduled tribes) /cby Khwaja Abdul Muntaqim  aNew Delhi bM.R. Publicationsc2017  bNew Delhi a#10 Metropole Market, 2724-25 First Floor Kucha Chelan,Daryaganje110002 a232p.c22cm(Hb) 2ddccENh305.562mKHW c139050d139050 001040708NFICaBL4bBL4d2017-04-19g550.00l0o305.562 KHWpEN-101304r2017-04-19 00:00:00t1v550.00yEN